La libertad humana en Luis Molina (Record no. 620353)
[ view plain ]
| 000 -CABECERA | |
|---|---|
| Campo de control de longitud fija | 00436nab a2200145Ia 4500 |
| 003 - IDENTIFICADOR DEL NÚMERO DE CONTROL | |
| Campo de control | ES-SlBCS |
| 005 - FECHA Y HORA DE LA ÚLTIMA TRANSACCIÓN | |
| Campo de control | 20210601134934.0 |
| 008 - CÓDIGOS DE INFORMACIÓN DE LONGITUD FIJA | |
| Campo de control de longitud fija | 140529s1975 xxu||||| |||| 00| 0 spa d |
| 041 ## - CÓDIGO DE LENGUA | |
| Código de lengua del texto/banda sonora o título independiente | spa |
| 100 1# - PUNTO DE ACCESO PRINCIPAL-NOMBRE DE PERSONA | |
| Nombre de persona | Queralt, Antonio |
| 9 (RLIN) | 15063 |
| 245 00 - MENCIÓN DE TÍTULO | |
| Título | La libertad humana en Luis Molina |
| Mención de responsabilidad, etc. | Antonio Queralt |
| 600 1# - PUNTO DE ACCESO ADICIONAL DE MATERIA-NOMBRE DE PERSONA | |
| Nombre personal | Molina, Luis de-Libertad |
| 9 (RLIN) | 225318 |
| 773 0# - ENLACE AL DOCUMENTO FUENTE | |
| Título | Archivo Teologico Granadino |
| Parte(s) relacionada(s) | nº. 38, 1975, págs. 5-156 |
| Número de control del registro relacionado | Rev68 |
| 942 ## - ENTRADA DE ELEMENTOS AGREGADOS (KOHA) | |
| Koha [por defecto] tipo de item | Artículos de revista |
| Suprimido | Perdido | Estropeado | No para préstamo | Localización permanente | Localización actual | Localización en estantería | Fecha adquisición | Préstamos totales | Fecha última consulta | Fecha del precio de reemplazo | Tipo de item de Koha |
|---|---|---|---|---|---|---|---|---|---|---|---|
| San Esteban | San Esteban | Depósito de revistas | 11/07/2014 | 11/07/2014 | 11/07/2014 | Artículos de revista |
